000 00340nam a2200133Ia 4500
008 240624s9999 xx 000 0 und d
041 _aeng
082 _a954 KEA
100 _aKEAY JOHN
245 _aINDIA DISCOVERED THE RECOVERY OF A LOST
260 _c2001
_aNew Delhi
_bHarperCollins
300 _a221 : p. : cm. ; 20
365 _cRS
_b25
999 _c18580
_d18580